000
00456nam a2200133Ia 4500
008
100328s9999 xx 000 0 und d
082
_b
12375
100
_a
नेने माधव वामन
245
_a
सुक्ष्म-जंतु जादुगार
260
_b
आनंद
630
_a
सुक्ष्म-जंतु जादुगार
730
_a
सुक्ष्म-जंतु जादुगार
942
_c
BOOK
999
_c
507631
_d
507628